| 000 | 01073cam a2200373 4500 | ||
|---|---|---|---|
| 001 | a4321267 | ||
| 003 | DO-SdBNP | ||
| 005 | 20230502133242.0 | ||
| 007 | a4321267 | ||
| 008 | 080814s2008 sp | |||| 000 f spa | ||
| 015 | _a | ||
| 017 |
_a _b |
||
| 020 | _a9788483650844 | ||
| 035 | _a | ||
| 040 |
_aBPMSU _bspa _cBPMSU _e |
||
| 080 | _a | ||
| 080 | _a | ||
| 082 | 4 |
_a813 _bB689a 2008 _222 |
|
| 100 | 1 |
_aBoling, Dave _d1951- |
|
| 240 | 1 | 0 |
_aGuernica _lEspañol |
| 245 | 1 | 0 |
_aA los cuatro vientos / _h _cDave Boling ; traducción, Damián Alou Dave Boling ; |
| 250 | _a | ||
| 260 |
_aMadrid : _bSuma de Letras, _c2008 |
||
| 300 |
_a475 p.: _c25 cm |
||
| 490 |
_aPunto de lectura _a Narrativa |
||
| 500 | _aIncluye datos biográficos del autor en la solapa de la cubierta | ||
| 500 | _aReimpressions: 2009 | ||
| 590 | _6Inventariado, 2023/VM | ||
| 650 | 4 | _aNovela historica estadounidense | |
| 650 | 4 | _aLiteratura juvenil estadounidense | |
| 700 | 1 |
_aAlou, Damián _etr. |
|
| 910 | _aVMateo V. Control de calidad (BPMSU) | ||
| 942 |
_2ddc _cBK |
||
| 999 |
_c10568 _d10568 |
||